000 00430cam a22001814a 4500
005 20250605164245.0
008 250528s ||||||||||||||||||||||||d
035 _a21468
040 _aGR-AtMCL
_bgre
_dGR-AtMCL
_eAACR2
245 1 _aΑΝΤΟΧΗ ΤΩΝ ΥΛΙΚΩΝ
250 _a1
260 _bMcgraw Hill,
_c1977
300 _a403
700 1 _aNash William A
_97499
942 _cBK
999 _c6530
_d6530